Państwa z największą liczbą ludności - Statystyki

Ogólne statystyki
  • Ten quiz został rozwiązany 2 776 razy
    1 194 od ostatniego zresetowania
  • Średni wynik to 14 z 20
Statystyki odpowiedzi
Hint Odpowiedź % Poprawnych
1 410 539 758 Chińska Republika Ludowa
99%
337 341 954 Stany Zjednoczone
98%
1 411 415 000 Indie
95%
142 021 981 Rosja
94%
217 240 060 Brazylia
89%
124 214 766 Japonia
82%
84 316 622 Niemcy
82%
129 150 971 Meksyk
79%
277 329 163 Indonezja
72%
107 770 524 Egipt
68%
225 082 083 Nigeria
65%
242 923 845 Pakistan
65%
83 047 706 Turcja
63%
86 758 304 Iran
56%
165 650 475 Bangladesz
53%
108 407 721 Demokratyczna Republika Konga
51%
69 648 117 Tajlandia
50%
103 808 319 Wietnam
48%
114 597 229 Filipiny
38%
113 656 596 Etiopia
37%
Nie znaleziono quizów pasujących do podanych kryteriów
Rozkład punktacji
Procent ludzi z każdym wynikiem
Percentyl według liczby udzielonych odpowiedzi
Twoja historia wyników
Nie rozwiązałeś tego quizu od ostatniego zresetowania